000 00323nam a2200157Ia 4500
100 _aKalam/Abdul APJ
650 _aGeneral
942 _cBK
654 _a2020
245 _aIndia 2020:A vision for the millennium
260 _bViking
_c1998
082 _a920
_bKAL
300 _a312
546 _aENGLISH
999 _c24224
_d24224